Modern economic theory (Record no. 2982)
[ view plain ]
| 000 -LEADER | |
|---|---|
| fixed length control field | 00268nam a22001217a 4500 |
| 020 ## - INTERNATIONAL STANDARD BOOK NUMBER | |
| International Standard Book Number | 9788121924634 |
| 082 ## - DEWEY DECIMAL CLASSIFICATION NUMBER | |
| Classification number | 330.0151 |
| 100 ## - MAIN ENTRY--PERSONAL NAME | |
| Personal name | K.K. Dewett |
| 245 ## - TITLE STATEMENT | |
| Title | Modern economic theory |
| 260 ## - PUBLICATION, DISTRIBUTION, ETC. | |
| Place of publication, distribution, etc. | New Delhi |
| Name of publisher, distributor, etc. | S.Chand and co |
| Date of publication, distribution, etc. | 2015 |
| 300 ## - PHYSICAL DESCRIPTION | |
| Extent | 1000p |
| 942 ## - ADDED ENTRY ELEMENTS (KOHA) | |
| Koha item type | Book |
| Withdrawn status | Lost status | Damaged status | Not for loan | Collection code | Permanent Location | Current Location | Shelving location | Date acquired | Total Checkouts | Total Renewals | Full call number | Barcode | Date last seen | Date last checked out | Price effective from | Koha item type |
|---|---|---|---|---|---|---|---|---|---|---|---|---|---|---|---|---|
| Central Library (CL) | Central Library (CL) | General Stacks | 03/31/2016 | 3 | 1 | 330 DEW | S3H-S-744 | 03/03/2021 | 11/20/2020 | 11/18/2016 | Book | |||||
| Central Library (CL) | Central Library (CL) | General Stacks | 05/19/2016 | 330.0151 DEW | S3H-N-627 | 05/19/2016 | 05/19/2016 | Book |
